Antropologías del mundo : transformaciones disciplinarias dentro de sistemas de poder /
La obra reúne ponencias de las antropologías de varios países para conformar el aspecto global de la disciplina. Aunque cada nación enfoca una metodología singular que da cuenta de su diversidad, hay ideas que pueden contribuir a conformar relaciones más horizontales entre las diferentes antropologí...
Uloženo v:
| Korporativní autor: | |
|---|---|
| Další autoři: | , , , , |
| Médium: | Konferenční příspěvek Kniha |
| Jazyk: | španělština |
| Vydáno: |
Nueva York, EUA : México :
Wenner-Gren Foundation for Anthropological Research ; CIESAS,
2008, c2008
|
| Témata: | |
| Tagy: |
Žádné tagy, Buďte první, kdo vytvoří štítek k tomuto záznamu!
|
MARC
| LEADER | 00000nam^a2200000^a^4500 | ||
|---|---|---|---|
| 001 | 000291921 | ||
| 005 | 20250521000000.0 | ||
| 009 | 20260310112052.284 | ||
| 020 | |a 978-968-496-658-1 | ||
| 020 | |a 968-496-658-X | ||
| 037 | |a Acervo ITESO - Biblioteca | ||
| 041 | |a ESP | ||
| 082 | |a 300. |b ANT 2003 | ||
| 111 | |a Simposio Internacional: Antropologías del Mundo ( |d 2003 : |c Pordenone, Italia) | ||
| 240 | 1 | 1 | |a [Antropologías del mundo: transformaciones disciplinarias dentro de sistemas de poder] |
| 245 | 1 | 0 | |a Antropologías del mundo : |b transformaciones disciplinarias dentro de sistemas de poder / |c Ed. de G. Lins Ribeiro, A. Escobar ; presen. de V. García Acosta ; tr. por C.A. Barragán, E. Restrepo. |
| 264 | 4 | |a Nueva York, EUA : |b Wenner-Gren Foundation for Anthropological Research ; |a México : |b CIESAS, |c 2008, c2008 | |
| 300 | |a 416 p. | ||
| 336 | |a texto |b txt |2 rdacontenido | ||
| 337 | |a sin mediación |b n |2 rdamedio | ||
| 338 | |a volumen |b nc |2 rdasoporte | ||
| 500 | |a Traducción de: World Anthropologies. Disciplinary Transformations within Systems of Power | ||
| 520 | |a La obra reúne ponencias de las antropologías de varios países para conformar el aspecto global de la disciplina. Aunque cada nación enfoca una metodología singular que da cuenta de su diversidad, hay ideas que pueden contribuir a conformar relaciones más horizontales entre las diferentes antropologías practicadas. | ||
| 530 | |a Existe una edición en formato digital en línea con el título: World Anthropologies: Disciplinary Transformations within Systems of Power | ||
| 649 | |a XX | ||
| 650 | |a Antropología - |x Metodología - |x Tema Principal | ||
| 650 | |a Antropología - |x Filosofía - |x Tema Principal | ||
| 650 | |a Antropología - |x Congresos - |x Tema Principal | ||
| 650 | |a Sociología - |x Congresos | ||
| 700 | |a Ribeiro, Gustavo Lins |e (ed.) | ||
| 700 | |a Escobar, Arturo |e (ed.) | ||
| 700 | |a García Acosta, Virginia |e (presen.) | ||
| 700 | |a Barragán, Carlos Andrés |e (tr.) | ||
| 700 | |a Restrepo, Eduardo |e (tr.) | ||
| 910 | |a Fondo General | ||
| 920 | |a Impresos - Libros | ||
| 930 | |a Colección General | ||
| 905 | |a 101 | ||
| 901 | |a 0500178456 |b IT1 |c ACC |i 906699 |u 20250521 | ||
| 902 | |a https://opac.biblio.iteso.mx/vufind/Record/000291921 | ||